Semántica Nahuatl de los lagos, lagunas y ríos de Nicaragua

Bibliographic Details
Main Author: Dávila Bolaños, Alejanddro
Format: Section = Libro
Language:Undetermined
Spanish
Published: Managua BCN 2013
Subjects:
LEADER 00512nam a2200181Ia 4500
008 240829s9999 xx 000 0 und d
040 |a BIBLIOTECA-RUSB/ 551.48 D259 
041 |a spa 
082 |a 551.48 D259 
100 1 |a Dávila Bolaños, Alejanddro 
245 1 0 |a Semántica Nahuatl de los lagos, lagunas y ríos de Nicaragua 
260 |a Managua  |b BCN  |c 2013 
300 |a 37 p. :il. 
650 7 |a LAGOS-ETIMOLOGIA NAHUATL 
650 7 |b  HISTORIA-RIOS-ETIMOLOGIA 
942 |c BK  |2 ddc 
991 |a TEXTO 
999 |c 2555